Catálogo

Vista normal Vista MARC

Entrada Personal Name

Número de registros utilizados en: 2

001 - CONTROL NUMBER

  • control field: 15747

003 - CONTROL NUMBER IDENTIFIER

  • control field: DLC

005 - DATE AND TIME OF LATEST TRANSACTION

  • control field: 20240530163059.0

008 - FIXED-LENGTH DATA ELEMENTS

  • fixed length control field: 920731n| azannaabn |a aaa

010 ## - LIBRARY OF CONGRESS CONTROL NUMBER

  • LC control number: n 92077371
  • Canceled/invalid LC control number: n 2002114460

035 ## - SYSTEM CONTROL NUMBER

  • System control number: (CaEvSKY)skya3839941

035 ## - SYSTEM CONTROL NUMBER

  • System control number: (OCoLC)oca03214582

040 ## - CATALOGING SOURCE

  • Original cataloging agency: DLC
  • Language of cataloging: spa
  • Description conventions: rda
  • Transcribing agency: Mx-PuUPA
  • Modifying agency: DLC
  • Modifying agency: OCoLC
  • Modifying agency: MX-MoT
  • Modifying agency: MH
  • Modifying agency: DLC
  • Modifying agency: Mx-PuUPA

046 ## - SPECIAL CODED DATES

  • Birth date: 1959
  • Source of date scheme: edtf

100 1# - HEADING--PERSONAL NAME

  • Personal name: Bonete Perales, Enrique,
  • Dates associated with a name: 1959-

370 ## - ASSOCIATED PLACE

  • Place of birth: Valencia (España)
  • Source of term: naf

372 ## - FIELD OF ACTIVITY

  • Field of activity: Ética
  • Source of term: lcsh

373 ## - ASSOCIATED GROUP

  • Associated group: Universidad de Salamanca
  • Source of term: naf

374 ## - OCCUPATION

  • Occupation: Profesor universitario
  • Source of term: lcsh

374 ## - OCCUPATION

  • Occupation: Autor
  • Source of term: lcsh

375 ## - GENDER

  • Gender: hombre
  • Source of term: lcdgt

377 ## - ASSOCIATED LANGUAGE

  • Language code: spa
  • Language code: fre

400 1# - SEE FROM TRACING--PERSONAL NAME

  • Personal name: Perales, Enrique Bonete
  • Dates associated with a name: 1959-

400 1# - SEE FROM TRACING--PERSONAL NAME

  • Control subfield: nne
  • Personal name: Bonete, Enrique
  • Dates associated with a name: 1959-

670 ## - SOURCE DATA FOUND

  • Source citation: His Aranguren, c1989:
  • Information found: t.p. (Enrique Bonete Perales)

670 ## - SOURCE DATA FOUND

  • Source citation: De la política y el derecho: compendio de entradas de la enciclopedia Oxford de filosofía, ©2013:
  • Information found: title page (revisión, selección e introducción de Enrique Bonete Perales) page 15 (Catedrático de Filosofía Moral y Filosofía Política, Universidad de Salamanca)

670 ## - SOURCE DATA FOUND

  • Source citation: Wikipedia, via WWW, August 28, 2018
  • Information found: (Valencia; 1959)

670 ## - SOURCE DATA FOUND

  • Source citation: Du bonheur comme question éthique, c2002:
  • Information found: t.p. (Enrique Bonete) p. 161 (prof. de philosophie morale, Université de Salamanque (Espagne)

670 ## - SOURCE DATA FOUND

  • Source citation: Ética de la sexualidad: dialogos para educar en el amor, 2007:
  • Information found: title page (Enrique Bonete) back cover (Enrique Bonete Perales)